00498 2200193 4500001002100000005001500021035002000036007000300056008004100059020001900100082001300119084002000132100001900152245003800171250000600209260004100215300003800256650001000294INLIS00000000000205820260303095748 a0010-0326000007ta260303 d 1 ind  a979-111-6025-3 a741.5592 a741.5592 ABI d0 aAbiko Takemaru1 aDetectif Club 1 /cAbiko Takemaru a- aJakarta :bElex Media Komputindo,c- a220 hlm. :bilus. ;c11.5 x 17 cm aKomik